000
00275nam a2200097Ia 4500
001
1118657
005
20250827004129.0
008
250824s9999 xx 000 0 und d
245
0
_a
İSLAM HUKUKU AÇISINDAN NİŞANLILIK W17 7
_c
NURİ KAHVECİ
260
_b
HİKMETEVİ YAYINLARI
999
_c
1118657
_d
1118657